000 01250nam a2200265Ia 4500
003 OSt
005 20200824150644.0
008 191128s2003 ck gr 000 0 spa d
040 _aCO-JMCR
_cCO-JMCR
041 0 _aspa
082 0 4 _a347.09 /
_bR629m
_223
100 1 _aRobayo Castillo, Gustavo Adolfo,
_eautor
_99122
245 1 0 _aMecanismos de resolución de conflictos /
_cGustavo Adolfo Robayo Castillo
260 _aBogotá :
_bDefensoría del Pueblo,
_c2003
300 _a159 páginas ;
_c24 cm.
490 0 _aRed de Promotores de Derechos Humanos
500 _aIncluye notas a pie de página.
504 _aBibliografía al final del texto.
505 0 _aEl conflicto -- La mediación -- La conciliación -- Jueces de paz -- El arbitramento -- La amigable composición
520 3 _aLa Asamblea Nacional Constituye de 1991 legó a la nación una nueva Carta Política en la que se incluyen de manera notable principios como el de la soberanía popular, la adopción del Estado Social de Derecho fundado en la consagración de los preceptos.
650 1 4 _aResolución de disputas
_xadministración de justicia
_zColombia
_99123
650 1 4 _aSolución de conflictos
_zColombia
_98341
650 2 4 _aMediación
_99124
942 _2ddc
_cBK
999 _c5010
_d5010